La adquisición de la lengua en el discapacitado auditivo: modos de comunicación en la sordera-ceguera
Zapisane w:
| 1. autor: | |
|---|---|
| Format: | Książka |
| Język: | hiszpański |
| Wydane: |
Buenos Aires
Magisterio del Río de La Plata
1998
|
| Wydanie: | 2a. ed |
| Seria: | Respuestas Educativas. Serie Educación Especial
|
| Hasła przedmiotowe: | |
| Etykiety: |
Dodaj etykietę
Nie ma etykietki, Dołącz pierwszą etykiete!
|
MARC
| LEADER | 00000nam a2200000 a 4500 | ||
|---|---|---|---|
| 001 | UCL0183 | ||
| 003 | CL-VaPUC | ||
| 008 | 030627e19980000AG |||||||||||||||||spa|d | ||
| 082 | 0 | 4 | |a 371.912 |b ORR |2 21 |
| 100 | |a Orri de Castorino, Rosa |e autora |9 476967 | ||
| 245 | 1 | 3 | |a La adquisición de la lengua en el discapacitado auditivo: modos de comunicación en la sordera-ceguera |
| 250 | |a 2a. ed | ||
| 300 | |a 236 p | ||
| 942 | |c BK | ||
| 945 | |d 20030627 00:00:00 |a cmena | ||
| 260 | |a Buenos Aires |b Magisterio del Río de La Plata |c 1998 | ||
| 650 | 0 | |a Educación especial |9 307486 | |
| 650 | 7 | |a NIÑOS SORDOS |2 CL-VaPUC |9 311994 | |
| 650 | 0 | |a Educación lingüística |9 306506 | |
| 650 | 0 | |a Métodos de enseñanza |9 270413 | |
| 583 | |a last modification |c 20030627 00:00:00 |k Rodrigo Vera | ||
| 490 | 0 | |a Respuestas Educativas. Serie Educación Especial | |
| 999 | |c 304201 |d 304199 | ||
| 952 | |0 0 |1 0 |4 0 |6 371_912000000000000_ORR_1998 |7 0 |8 A |9 366090 |a BIBEDU |b BIBEDU |c ES_NOD |d 2019-11-21 |i 3918386 |o 371.912 ORR 1998 |p 3918386 |r 2023-08-09 |w 2019-11-21 |y BK |k EPE | ||